Spell the Marvel Character #373 - Statistics

General Stats
  • This quiz has been taken 11 times
  • The average score is 7 of 9
Answer Stats
Picture Answer % Correct
Nova
100%
Okoye
91%
Red She-Hulk
91%
Ironheart
82%
Gamora
73%
Lady Fantomex
73%
Mercury
73%
Old Lace
73%
Moon Girl
64%
No matching quizzes found
Score Distribution
Percent of People with Each Score
Percentile by Number Answered
Your Score History
You have not taken this quiz